Techniky spojování IV: Překližky

Ďalšie prostriedky ligno-celulózovej bázy aplikované v obalovej technike - kompozitné dosky a materiály z aglomerovaného dreva. Preglejky - materiály zlepené z viacerých vrstiev symetricky usporiadaných dýh. Výroba dýh. Výroba preglejok. Aplikácia preglejok v obalovej technike.

Saved in:
Bibliographic Details
Main Author: Vítek, Miloslav
Format: Book Chapter
Language:Czech
Subjects:
Tags: Add Tag
No Tags, Be the first to tag this record!

MARC

LEADER 00000naa a2200000 4500
001 0211096
005 20231211081209.5
041 0 |a cze 
044 |a CZ 
245 1 0 |a Techniky spojování IV: Překližky  |c Miloslav Vítek 
520 |a Ďalšie prostriedky ligno-celulózovej bázy aplikované v obalovej technike - kompozitné dosky a materiály z aglomerovaného dreva. Preglejky - materiály zlepené z viacerých vrstiev symetricky usporiadaných dýh. Výroba dýh. Výroba preglejok. Aplikácia preglejok v obalovej technike. 
610 2 0 |a obaly 
610 2 0 |a technika obalová 
610 2 0 |a výroba 
610 2 0 |a drevo 
610 2 0 |a celulóza 
610 2 0 |a palety 
100 1 |a Vítek, Miloslav